000
00324nam a2200121Ia 4500
008
220204s9999 xx 000 0 und d
082
_a
546
_b
BAR
100
_a
Barnard, A K
245
0
_a
Theoretical basis of inorganic chemistry
260
_a
New Delhi
_b
Tata McGraw Hill
_c
1965
650
_a
Inorganic chemistry
942
_c
BK
999
_c
23647
_d
23647